From words to numbers : narrative, data, and social science
Αποθηκεύτηκε σε:
| Κύριος συγγραφέας: | |
|---|---|
| Μορφή: | Βιβλίο |
| Γλώσσα: | English |
| Δημοσίευση: |
Cambridge, UK :
Cambridge University Press,
2004
|
| Σειρά: | Structural analysis in the social sciences ;
; 22 |
| Θέματα: | |
| Ετικέτες: |
Προσθήκη ετικέτας
Δεν υπάρχουν, Καταχωρήστε ετικέτα πρώτοι!
|
MARC
| LEADER | 00000nam a2200000 i 4500 | ||
|---|---|---|---|
| 001 | 1/84868 | ||
| 008 | 080514s2004 eng d | ||
| 020 | |a 0-521-81520-7 (hbk.) | ||
| 035 | |l 10097286 | ||
| 040 | |a GR-MY-UA |b gre |e aacr | ||
| 041 | 0 | |a eng | |
| 082 | 0 | |a 300.141 |2 (22) | |
| 100 | 1 | |a Franzosi, Roberto. | |
| 245 | 1 | 0 | |a From words to numbers : |b narrative, data, and social science / |c Roberto Franzosi |
| 260 | |a Cambridge, UK : |b Cambridge University Press, |c 2004 | ||
| 300 | |a xxii, 476 σ.; |b εικ.; |c 23 εκ. | ||
| 490 | 1 | |a Structural analysis in the social sciences |v ; 22 | |
| 504 | |a Βιβλιογραφία: σ. [339]-443 | ||
| 504 | |a Ευρετήριο: σ. [445]-476 | ||
| 650 | 0 | 0 | |a Social sciences |x Research |x Methodology. |
| 650 | 0 | 0 | |a Content analysis (Communication) |
| 650 | 0 | 0 | |a Discourse analysis, Narrative. |
| 830 | 0 | |a Structural analysis in the social sciences ; |v ; 22 | |
| 852 | |a INST |b LESVOS |e 20080514 |h 300.141 FRA |p 005100039726 |q 005100039726 |t BK |y 0 | ||
| 901 | |a BIBL1-2008-2 | ||
| 909 | |a Λ |b 142668 | ||
| 922 | |a 1ΕΛΗ |b 200712 |c ΕΠΕΑΕΚ2/ΤΚ |d ΕΛΕΥΘΕΡΟΥΔΑΚΗΣ | ||
| 970 | |a ΚΑΡΑ |b ΓΙΑΣΕΜΗ |z 2008/05/14 | ||